The North Pennines from Prehistory to Present

محفوظ في:

المؤلفون الرئيسيون: Frodsham, Paul (مؤلف), Green, Martin (مؤلف), Finch, Greg (مؤلف)

التنسيق: كتاب

منشور في: Oxford Archaeopress Publishing Ltd 2024

الوسوم: إضافة وسم

لا توجد وسوم, كن أول من يضع وسما على هذه التسجيلة!

رقم الطلب:

LEADER 00726namaa2200193 4500
001 9781803278513
003 UkOxAP
005 20260405155015.0
020 |a 9781803278520 
776 1 |x 9781803278513 
245 0 0 |a The North Pennines from Prehistory to Present 
100 1 |a Frodsham, Paul  |e Author  |l English 
700 1 |a Green, Martin  |e Author  |l English 
700 1 |a Finch, Greg  |e Author  |l English 
856 4 2 |a http://library.arce.org:8087/Archaeopress/Products/9781803278520 
260 |a Oxford  |b Archaeopress Publishing Ltd  |c 2024 
270 |a Archaeopress Publishing Ltd, Summertown Pavillion, 18 -24 Middle Way, Summertown  |b Oxford  |d United Kingdom  |e OX2 7LG  |k 44-1865-311914  |m info@archaeopress.com 
942 |2 lcc  |c EBOOK 
999 |c 62034  |d 62034